QCM sur les missions de Star Wars: Jedi Fallen Order - Statistiques

Statistiques générales
  • Ce quiz a été pris 6 fois
  • Le résultat moyen est 11 sur 19
Statistiques - réponses
Question Réponse % Correct
Qu'est-ce qu'un Goraga, aperçu exclusivement dans la mission "Le marais de Dathomir" ?
100%
Quel objet complète le nom de l'avant-dernière mission du jeu, "...perdu" ? L'holocron
100%
Parmi ces planètes, laquelle est Bogano, qui sert de décor au deuxième chapitre du jeu, "La reconstruction de l'ordre Jedi" ?
83%
Ou peut-on voir Tarfful, que Cal doit rencontrer dans la mission "Chemins divergents" ?
83%
Dans "De nouveaux alliés", qui Cal doit-il délivrer ? Des Wookies
83%
Comment s'appelle la capacité de la Force que Cal obtient dans ce chapitre, "Le tombeau de Miktrull" ? Traction de la Force
83%
Qu'est concrètement le bâtiment dans lequel Cal s'infiltre durant la dernière mission du jeu, intitulée "Le combat final" ? Une forteresse
83%
Au début du chapitre "Confiance brisée", qu'est-ce qui manque à Cal ? BD-1 et son sabre laser
67%
Qui est le maître en question de la mission "L'ombre du maître" ? Jaro Tapal, l'ancien maître de Cal
67%
Dans quelle image peut-on voit le tombeau d'Eilram, qui donne son nom à la quatrième mission du jeu ?
50%
Quel personnage n'est pas présent lors de la première mission du jeu, intitulée "L'aventure commence" ? BD-1
50%
Comment s'appelle l'endroit où a lieu la discussion entre Cal et Merrin dans le chapitre nommé "Repos éternel" ? Le Tombeau de Kujet
50%
Dans "Au coeur de la tempête", Cal débarque sur Zeffo. Qu'est-ce qui a donné son nom à la planète ? Ses habitants
50%
Quelle affirmation est fausse concernant Malicos, l'ennemi principal de la mission "Une nouvelle alliée" ? Il a été épargné après son combat contre Cal
33%
En comptant les environnements traversés durant la mission "La chute de la Neuvième Soeur", qu'est ce qui n'existe pas sur Kashyyk ? La Vallée des Origines
33%
Quelle est la première action que le joueur doit faire sur Kashyyk, dans "Une rencontre fatidique" ? Nager
33%
Qu'est-ce qui n'est pas vrai concernant la Deuxième Soeur, qu'on peut affronter dans ce chapitre, intitulé "L'origine de la Deuxième Soeur" ? Elle utilise un sabre laser à deux lames
17%
Comment s'appelle ce quinzième chapitre, qui marque la fin du court périple de Cal sur Ilum ? La fuite
17%
Pourquoi est-ce précisément sur Ilum que Cal doit se rendre pour obtenir son nouveau sabre laser dans la mission "Une nouvelle lame" ? Parce que c'est là que se trouve le Temple Jedi le plus sacré de l'Ordre
17%
Aucun quiz correspondant
Distribution des résultats
% des personnes avec chaque résultat
Percentile par nombre de réponses
Votre historique - résultats
Vous n’avez pas pris ce quiz